25 größte Städte Deutschlands auf einer Karte - Statistiken

Allgemein
  • Dieses Quiz wurde 150 mal gespielt
  • Das Durchschnittsergebnis liegt bei 22 aus 25
Antworten auf der Karte
Die Antworten werden auf der Karte rot bzw. grün angezeigt, abhängig davon wie oft sie richtig erraten wurden.
 
Antwortstatistiken
Platzierung Stadt % Korrekt
3 München
99%
1 Berlin
98%
10 Bremen
98%
2 Hamburg
98%
4 Köln
98%
6 Düsseldorf
97%
14 Hannover
96%
13 Nürnberg
96%
5 Frankfurt am Main
95%
8 Leipzig
95%
7 Stuttgart
95%
12 Dresden
92%
9 Dortmund
91%
11 Essen
90%
23 Augsburg
87%
19 Bonn
86%
15 Duisburg
81%
24 Wiesbaden
81%
16 Bochum
80%
22 Münster
79%
18 Bielefeld
77%
21 Karlsruhe
77%
25 Gelsenkirchen
76%
20 Mannheim
73%
17 Wuppertal
72%
Keine übereinstimmenden Quizze gefunden
Verteilung der Resultate
Anzahl Personen mit jedem Resultat
Perzentil nach korrekt beantworteten Fragen
Ihre Resultats-Entwicklung
Sie haben dieses Quiz noch nicht gespielt